[Event "FIDE Chesscom Grand Swiss 2019"]
[Site "Douglas-Isle of Man"]
[Date "2019.10.15"]
[Round "6.21"]
[White "Inarkiev, Ernesto"]
[Black "Henderson de La Fuente, Lance"]
[Result "1-0"]
[WhiteElo "2693"]
[BlackElo "2494"]
[Annotator "RC"]
[PlyCount "97"]
[EventDate "2019.10.10"]
[EventType "swiss"]
[EventCountry "GBR"]
[SourceTitle "playchess.com"]
[Source "ChessBase"]
[SourceQuality "1"]
[TimeControl "40/6000+30:20/3000+30:900+30"]

1. e4 {[%emt 0:02:27]} e5 {[%emt 0:00:00]} 2. Nf3 {[%emt 0:00:13]} Nc6 {[%emt 0:00:00]} 3. Bb5 {[%emt 0:00:05]} Nf6 {[%emt 0:00:42]} 4. O-O {[%emt 0:00:52]} Nxe4 {[%emt 0:00:24]} 5. d4 {[%emt 0:00:04]} Nd6 {[%emt 0:00:10]} 6. Bxc6 {[%emt 0:00:04]} dxc6 {[%emt 0:00:09]} 7. dxe5 {[%emt 0:00:03]} Nf5 {[%emt 0:00:08]} 8. Qxd8+ {[%emt 0:00:03]} Kxd8 {[%emt 0:00:07]} 9. Nc3 {[%emt 0:00:05]} Bd7 {[%emt 0:01:31]} 10. Rd1 {[%emt 0:08:06]} Kc8 {[%emt 0:00:28]} 11. Ng5 {[%emt 0:01:37]} Be8 {[%emt 0:02:32]} 12. b3 {[%emt 0:00:04]} h6 {[%emt 0:01:37]} 13. Nge4 {[%emt 0:00:09]} Bd7 {[%emt 0:05:40]} 14. Bb2 {[%emt 0:01:05]} Be7 {[%emt 0:02:28]} 15. Rd3 {[%emt 0:05:07]} Nh4 {[%emt 0:09:45]} 16. Ne2 {[%emt 0:05:03]} Bf5 {[%emt 0:03:30]} 17. N2g3 {[%emt 0:00:43]} Be6 {[%emt 0:00:55]} 18. Nh5 {[%emt 0:04:11]} Rg8 {[%emt 0:01:06]} 19. f3 {[%emt 0:01:15]} b6 {[%emt 0:04:18]} 20. g3 {[%emt 0:36:45]} Ng6 {[%emt 0:01:56]} 21. Kg2 {[%emt 0:01:11]} Kb7 {[%emt 0:05:56]} 22. g4 {[%emt 0:07:23]} a5 {[%emt 0:10:57]} 23. a4 {[%emt 0:00:13]} Rae8 {[%emt 0:05:49]} 24. Re1 {[%emt 0:01:55]} Bb4 {[%emt 0:08:22]} 25. Ree3 {[%emt 0:01:16]} Bd5 {[%emt 0:03:35]} 26. c4 {[%emt 0:04:01]} Bxe4 {[%emt 0:02:57]} 27. Rxe4 {[%emt 0:00:03]} Rd8 {[%emt 0:00:10]} 28. Rxd8 {[%emt 0:06:45]} Rxd8 {[%emt 0:00:02]} 29. Rd4 {[%emt 0:00:58]} Rxd4 {[%emt 0:08:08]} 30. Bxd4 {[%emt 0:00:03]} Bf8 {[%emt 0:00:10]} 31. f4 {[%emt 0:02:08]} Ne7 {[%emt 0:03:10]} 32. Kf3 {[%emt 0:00:52]} c5 {[%emt 0:02:35]} 33. Bc3 {[%emt 0:00:14]} Kc8 {[%emt 0:00:52]} 34. Ke4 {[%emt 0:00:15]} g6 {[%emt 0:01:19]} 35. Nf6 {[%emt 0:07:05]} Kd8 {[%emt 0:03:46]} 36. h4 {[%emt 0:04:45]} Bg7 {[%emt 0:05:49]} 37. Nd5 {[%emt 0:01:23]} Bf8 {[%emt 0:02:02]} 38. h5 {[%emt 0:01:24]} gxh5 {[%emt 0:00:23]} 39. gxh5 {[%emt 0:00:05]} Nc6 {[%emt 0:02:12]} 40. Nf6 {[%emt 0:04:38]} Ke7 {[%emt 0:01:11]} 41. Kd5 {[%emt 0:51:52]} Nb8 {[%emt 0:53:54]} 42. Ng8+ {[%emt 0:00:00]} Ke8 {[%emt 0:00:00]} 43. f5 {[%emt 0:00:00]} c6+ {[%emt 0:00:00]} 44. Ke4 {[%emt 0:00:00]} Na6 {[%emt 0:00:00]} 45. Bd2 {[%emt 0:00:00]} Nb4 {[%emt 0:00:00]} 46. Bxh6 {[%emt 0:00:00]} Bxh6 {[%emt 0:00:00]} 47. Nxh6 {[%emt 0:00:00]} Nc2 {[%emt 0:00:00]} 48. f6 {[%emt 0:00:00]} Nd4 {[%emt 0:00:00]} 49. Nf5 {[%emt 0:00:00]} 1-0

[Event "FIDE Chesscom Grand Swiss 2019"]
[Site "Douglas-Isle of Man"]
[Date "2019.10.15"]
[Round "6.22"]
[White "Xiong, Jeffery"]
[Black "Najer, Evgeniy"]
[Result "1/2-1/2"]
[WhiteElo "2708"]
[BlackElo "2635"]
[Annotator "TA"]
[PlyCount "71"]
[EventDate "2019.10.10"]
[EventType "swiss"]
[EventCountry "GBR"]
[SourceTitle "playchess.com"]
[Source "ChessBase"]
[SourceQuality "1"]

{[%evp 14,71,28,22,37,9,37,46,46,39,75,54,62,79,69,66,67,75,67,63,64,49,60,55,93,84,111,78,73,54,75,59,78,32,38,43,87,93,94,96,93,110,100,47,47,42,42,38,51,0,0,0,0,0,0,0,0,0,0,0]} 1. e4 c6 2. d4 d5 3. Nd2 dxe4 4. Nxe4 Nf6 5. Nxf6+ exf6 6. c3 Bd6 7. Bd3 O-O 8. Qc2 Re8+ {B15: Caro-Kann: 3 Nc3: 3...g6 and 3...dxe4 4 Nxe4 Nf6 5 Nxf6+ exf6} 9. Ne2 h5 (9... f5 $5) 10. O-O (10. Be3 Nd7 11. Ng3 Bf4 12. O-O-O Bxe3+ 13. fxe3 Rxe3 14. Rde1 Rxe1+ 15. Rxe1 Nf8 16. Nxh5 {½-½ (36) Mamedov,R (2650)-Cheparinov,I (2667) Hengshui 2019}) 10... Qc7 {White is slightly better.} 11. h3 h4 12. Bd2 Nd7 13. c4 $146 ({Predecessor:} 13. Rae1 Nf8 14. Kh1 Bd7 15. Ng1 Rad8 16. Nf3 {½-½ (80) Nasuta,G (2520)-Hirneise,T (2472) Legnica 2018}) 13... Qd8 14. Rfe1 Nf8 15. Rad1 Bc7 16. d5 cxd5 17. cxd5 Bd7 18. Qc4 f5 19. Nd4 {Rxe8 is the strong threat.} Rc8 20. Qb3 Rxe1+ 21. Bxe1 Qf6 22. Nf3 Ng6 23. d6 Bxd6 24. Qxb7 Rc7 25. Qb8+ Kh7 {[#]} 26. Bxf5 $1 Qxf5 27. Rxd6 Rc1 {[#] aiming for ...Ne5.} 28. Qd8 ({Avoid the trap} 28. Qxa7 $2 Ne5 $19) (28. Qb4 $1 $16) 28... Be6 $14 29. Rd1 Rxd1 30. Qxd1 Bxa2 31. b3 (31. Qd4 $14) 31... f6 $11 {The position is equal.} 32. Nd4 Qe4 33. f3 Qb1 34. Qxb1 Bxb1 35. Nc6 Bc2 36. Nxa7 {Accuracy: White = 73%, Black = 65%.} 1/2-1/2

[Event "FIDE Chesscom Grand Swiss 2019"]
[Site "Douglas-Isle of Man"]
[Date "2019.10.15"]
[Round "6.22"]
[White "Hess, Robert"]
[Black "Piorun, Kacper"]
[Result "1/2-1/2"]
[WhiteElo "2581"]
[BlackElo "2643"]
[Annotator "TA"]
[PlyCount "126"]
[EventDate "2019.10.10"]
[EventType "swiss"]
[EventCountry "GBR"]
[SourceTitle "playchess.com"]
[Source "ChessBase"]
[SourceQuality "1"]

{[%evp 12,126,0,7,23,0,0,0,1,0,3,-65,-68,-117,-64,-68,-56,-57,0,0,0,0,0,0,0,0,0,0,0,0,42,47,58,40,82,72,124,116,110,112,120,108,94,95,154,147,137,135,136,95,167,171,170,46,25,0,156,8,149,143,241,216,214,229,205,200,216,206,252,152,285,286,302,291,329,329,327,325,318,318,787,793,790,786,786,772,890,765,1088,1081,967,81,93,55,57,31,80,0,0,0,0,0,0,0,0,0,8,8,8,8,8,8,8,8,8,8,8]} 1. c4 Nf6 2. Nc3 e6 3. d4 Bb4 4. Qc2 O-O 5. a3 Bxc3+ 6. Qxc3 d5 7. Bg5 h6 {E36: Nimzo-Indian: Classical: 4...d5 5 a3} (7... dxc4 8. Qxc4 b6 9. Rc1 c5 10. dxc5 bxc5 11. f3 Nbd7 12. e4 a5 13. Nh3 Ba6 14. Qc3 Bxf1 15. Rxf1 {1-0 (58) Ivanchuk,V (2684)-Tomashevsky,E (2702) Konya 2019}) 8. Bh4 c5 9. dxc5 {White wants to play Bxf6.} d4 10. Qc2 e5 11. e4 (11. O-O-O $11) 11... a5 $15 12. O-O-O Nc6 $146 (12... Qc7 $17 13. Bxf6 gxf6) ({Predecessor:} 12... Nbd7 13. f4 exf4 14. Nf3 Qc7 15. Rxd4 {0-1 (46) Rios,C (2513)-Nesterov,A (2423) Voronezh 2019}) 13. f4 exf4 14. Nf3 Bg4 (14... Re8 $1 $15) 15. e5 $1 $11 {[%cal Re5f6]} Bxf3 $1 16. gxf3 Nxe5 17. Qf5 Re8 18. Bxf6 Qxf6 19. Qxf6 gxf6 20. Rxd4 Nxf3 21. Rxf4 {[%mdl 64] Double Attack} Re1+ $1 22. Kc2 Ng5 23. Rxf6 {Strongly threatening Rg1.} Ne4 (23... Rc8 $142) 24. Rg1+ Kf8 25. Rxh6 {aiming for Rh8+.} Ke7 26. Rb6 Nxc5 27. Rb5 Ne6 ({Black should try} 27... b6) 28. Rxb7+ $16 Kf6 29. Rd7 $1 Rh8 30. Rd2 Rh4 (30... Ke7 $16) 31. Rf2+ $1 $18 Ke7 32. Kd2 ({White should play} 32. Rg8 $18) 32... Rb1 $14 33. Kc2 (33. Kd3 $11) 33... Re1 $16 34. Rg3 (34. Rg8 $16) 34... f5 (34... Nd4+ $1 $11 {keeps the balance.} 35. Kd2 Rb1) 35. Kd2 Re5 (35... Rb1 $16) 36. Rh3 Rd4+ 37. Kc3 $1 Rd1 38. Bd3 f4 {intending ...Ng5.} 39. Rh7+ Kd6 40. Kc2 Rg1 (40... Ree1 $16 41. b4 Rc1+ 42. Kb2 axb4) 41. b4 $18 axb4 42. axb4 Ra1 {Hoping for ...Ra2+.} 43. Kb2 Rd1 44. Bc2 Rd4 45. c5+ Kd5 $2 (45... Nxc5 46. bxc5+ Rxc5 47. Rh6+ Ke7) 46. Bb3+ Kc6 47. Ba4+ Kd5 48. Rd7+ Kc4 49. c6 Kxb4 {[#]} 50. Bb3 $1 Rde4 51. Rb7+ $2 (51. Bxe6 $18 Re2+ 52. Rd2 Rxf2 53. Rxf2 Rxe6 54. c7) 51... Ka5 $16 52. Ka3 Ka6 53. Rd2 {And now Bd5 would win.} Re3 {[#]} 54. Kb4 ({Better is} 54. Ra2 $1 $16 {White threatens Kb4+ and mate.} Ra5+ 55. Kb2 (55. Kb4 Rxb3+ {[%mdl 64] Decoy} 56. Kxb3 Nc5+ 57. Kc4 Rxa2 $11) 55... Re2+ 56. Kc3 Raxa2 57. Bc4+ {[%mdl 64] Double Attack} Ka5 58. Bxa2 Re3+ 59. Kb2) 54... Rxb3+ $1 $11 {[%mdl 64] Decoy. The position is equal.} 55. Kxb3 {[%mdl 4096] Endgame KRR-KRN} Nc5+ {[%mdl 64] Double Attack} 56. Kc4 {White wants to mate with Ra2+.} Nxb7 57. cxb7 Kxb7 {KR-KR} 58. Kd4 Re6 59. Rf2 Kc6 60. Rxf4 Kd6 61. h4 Ke7 62. Rf5 Rf6 63. Rxf6 Kxf6 {Accuracy: White = 59%, Black = 47%.} 1/2-1/2

[Event "FIDE Chesscom Grand Swiss 2019"]
[Site "Douglas-Isle of Man"]
[Date "2019.10.15"]
[Round "6.23"]
[White "Sargissian, Gabriel"]
[Black "Abasov, Nijat"]
[Result "1/2-1/2"]
[WhiteElo "2690"]
[BlackElo "2632"]
[Annotator "RC"]
[PlyCount "157"]
[EventDate "2019.10.10"]
[EventType "swiss"]
[EventCountry "GBR"]
[SourceTitle "playchess.com"]
[Source "ChessBase"]
[SourceQuality "1"]
[TimeControl "40/6000+30:20/3000+30:900+30"]

1. d4 {[%emt 0:00:41]} d5 {[%emt 0:00:57]} 2. c4 {[%emt 0:00:00]} c6 {[%emt 0:00:05]} 3. Nf3 {[%emt 0:00:00]} Nf6 {[%emt 0:00:28]} 4. Nc3 {[%emt 0:00:03]} dxc4 {[%emt 0:00:10]} 5. a4 {[%emt 0:00:07]} e6 {[%emt 0:01:16]} 6. e3 {[%emt 0:01:46]} c5 {[%emt 0:00:17]} 7. Bxc4 {[%emt 0:00:23]} cxd4 {[%emt 0:00:07]} 8. Nxd4 {[%emt 0:01:22]} Bb4 {[%emt 0:02:29]} 9. O-O {[%emt 0:01:13]} O-O {[%emt 0:01:08]} 10. Qe2 {[%emt 0:02:52]} a6 {[%emt 0:14:22]} 11. Rd1 {[%emt 0:08:12]} Qc7 {[%emt 0:02:02]} 12. Bd2 {[%emt 0:02:35]} Nc6 {[%emt 0:06:40]} 13. Nxc6 {[%emt 0:01:22]} Qxc6 {[%emt 0:02:52]} 14. Ne4 {[%emt 0:24:31]} Be7 {[%emt 0:01:16]} 15. Nxf6+ {[%emt 0:01:14]} Bxf6 {[%emt 0:00:07]} 16. Bb4 {[%emt 0:00:38]} Rd8 {[%emt 0:00:26]} 17. Bc3 {[%emt 0:00:19]} Rxd1+ {[%emt 0:37:46]} 18. Rxd1 {[%emt 0:00:36]} e5 {[%emt 0:00:06]} 19. Bxe5 {[%emt 0:03:35]} Be6 {[%emt 0:00:07]} 20. Bxe6 {[%emt 0:01:00]} Bxe5 {[%emt 0:00:39]} 21. Bd5 {[%emt 0:16:31]} Qxa4 {[%emt 0:01:27]} 22. b3 {[%emt 0:05:10]} Qd7 {[%emt 0:06:11]} 23. Qf3 {[%emt 0:00:57]} Qc7 {[%emt 0:00:16]} 24. g3 {[%emt 0:00:56]} g6 {[%emt 0:01:00]} 25. Bxb7 {[%emt 0:00:27]} Rb8 {[%emt 0:01:18]} 26. Bd5 {[%emt 0:01:49]} a5 {[%emt 0:01:39]} 27. Kg2 {[%emt 0:03:41]} Kg7 {[%emt 0:00:23]} 28. Rd3 {[%emt 0:04:24]} Rb6 {[%emt 0:02:44]} 29. Qd1 {[%emt 0:01:12]} Rd6 {[%emt 0:05:55]} 30. e4 {[%emt 0:00:17]} Rd8 {[%emt 0:01:18]} 31. Rd2 {[%emt 0:03:09]} Qc3 {[%emt 0:02:48]} 32. Ra2 {[%emt 0:01:22]} Rd7 {[%emt 0:04:21]} 33. Qe2 {[%emt 0:07:20]} Rc7 {[%emt 0:00:39]} 34. Qb5 {[%emt 0:01:21]} Bd4 {[%emt 0:01:14]} 35. Bc4 {[%emt 0:02:57]} Re7 {[%emt 0:03:32]} 36. Qd5 {[%emt 0:00:52]} h5 {[%emt 0:03:51]} 37. h4 {[%emt 0:02:28]} Bf6 {[%emt 0:00:40]} 38. f4 {[%emt 0:05:12]} Bd4 {[%emt 0:00:40]} 39. e5 {[%emt 0:01:02]} a4 {[%emt 0:02:23]} 40. Qf3 {[%emt 0:05:49]} Qxf3+ {[%emt 0:03:24]} 41. Kxf3 {[%emt 0:00:56]} axb3 {[%emt 0:00:06]} 42. Bxb3 {[%emt 0:00:07]} Rb7 {[%emt 0:05:11]} 43. Bd5 {[%emt 0:00:43]} Ra7 {[%emt 0:01:05]} 44. Rd2 {[%emt 0:05:32]} Ra3+ {[%emt 0:00:23]} 45. Kg2 {[%emt 0:00:07]} Be3 {[%emt 0:02:33]} 46. Rd1 {[%emt 0:01:35]} Ra4 {[%emt 0:03:51]} 47. Rb1 {[%emt 0:03:50]} Ra5 {[%emt 0:00:53]} 48. e6 {[%emt 0:04:40]} fxe6 {[%emt 0:01:15]} 49. Bxe6 {[%emt 0:00:03]} Kf6 {[%emt 0:00:22]} 50. Bc4 {[%emt 0:00:32]} Ra4 {[%emt 0:00:28]} 51. Bd5 {[%emt 0:03:13]} Ra5 {[%emt 0:01:24]} 52. Rd1 {[%emt 0:01:02]} Bc5 {[%emt 0:02:13]} 53. Re1 {[%emt 0:03:13]} Ra6 {[%emt 0:02:57]} 54. Re5 {[%emt 0:02:16]} Bd4 {[%emt 0:04:15]} 55. Re8 {[%emt 0:00:44]} Rd6 {[%emt 0:04:35]} 56. Be4 {[%emt 0:00:10]} Bb6 {[%emt 0:13:04]} 57. Rc8 {[%emt 0:06:53]} Kg7 {[%emt 0:01:19]} 58. Kf3 {[%emt 0:01:14]} Kf7 {[%emt 0:02:47]} 59. Rb8 {[%emt 0:02:30]} Bd8 {[%emt 0:01:03]} 60. Rc8 {[%emt 0:03:08]} Kg7 {[%emt 0:00:25]} 61. Bc2 {[%emt 0:15:49]} Bf6 {[%emt 0:15:44]} 62. Rc7+ {[%emt 0:00:55]} Kh6 {[%emt 0:00:17]} 63. Be4 {[%emt 0:04:42]} Re6 {[%emt 0:01:24]} 64. Bd5 {[%emt 0:04:42]} Re7 {[%emt 0:00:18]} 65. Rc6 {[%emt 0:00:08]} Kg7 {[%emt 0:00:08]} 66. Rc8 {[%emt 0:03:02]} Ra7 {[%emt 0:00:19]} 67. Rb8 {[%emt 0:00:26]} Rc7 {[%emt 0:00:30]} 68. Be4 {[%emt 0:01:07]} Ra7 {[%emt 0:01:07]} 69. Rb6 {[%emt 0:01:00]} Ra3+ {[%emt 0:00:48]} 70. Kg2 {[%emt 0:00:06]} Ra2+ {[%emt 0:00:12]} 71. Kh3 {[%emt 0:00:06]} Re2 {[%emt 0:01:52]} 72. Rb7+ {[%emt 0:00:22]} Kh6 {[%emt 0:00:04]} 73. Bd5 {[%emt 0:00:09]} Re7 {[%emt 0:00:21]} 74. Rb6 {[%emt 0:00:05]} Kg7 {[%emt 0:00:09]} 75. Be6 {[%emt 0:00:06]} Rc7 {[%emt 0:00:19]} 76. Rb5 {[%emt 0:00:42]} Be7 {[%emt 0:00:56]} 77. f5 {[%emt 0:00:25]} Rc5 {[%emt 0:03:37]} 78. Rb7 {[%emt 0:00:23]} Kf6 {[%emt 0:00:07]} 79. Bd7 {[%emt 0:02:10]} 1/2-1/2

[Event "FIDE Chesscom Grand Swiss 2019"]
[Site "Douglas-Isle of Man"]
[Date "2019.10.15"]
[Round "6.23"]
[White "Harika, Dronavalli"]
[Black "Adly, Ahmed"]
[Result "1/2-1/2"]
[WhiteElo "2495"]
[BlackElo "2636"]
[Annotator "TA"]
[PlyCount "116"]
[EventDate "2019.10.10"]
[EventType "swiss"]
[EventCountry "GBR"]
[SourceTitle "playchess.com"]
[Source "ChessBase"]
[SourceQuality "1"]

{[%evp 11,116,19,19,9,34,12,13,4,6,0,12,10,9,12,18,13,20,28,25,10,18,14,26,28,18,23,46,47,41,0,84,90,130,103,125,81,77,79,72,93,80,77,116,116,105,0,0,0,0,0,0,0,0,0,0,0,0,0,0,0,0,0,0,-58,-59,-85,-8,-8,-8,-8,-8,-8,-30,-30,-13,-43,-8,-16,-8,-8,-8,-10,-8,-8,-8,-8,-8,-8,-8,-8,-8,-8,-8,-8,-8,-8,-8,-8,-8,-8,-8,-8,-8,-8,-8,-8,-8]} 1. Nf3 Nf6 2. c4 c6 3. d4 d5 4. cxd5 cxd5 5. Nc3 Nc6 6. Bf4 Nh5 7. Bd2 {D13: Slav Defence: Exchange variation without ...Bf5} g6 8. g3 Bg7 9. Bg2 O-O 10. O-O Bg4 11. h3 $146 ({Predecessor:} 11. e3 Nf6 12. h3 Bxf3 13. Qxf3 e6 14. Rac1 Qe7 {½-½ (26) Bai,J (2579)-Matlakov,M (2704) Qinhuangdao 2018}) 11... Bxf3 12. Bxf3 Nxd4 13. Bxd5 Qb6 14. e3 Nc6 15. Qb3 Nf6 16. Bg2 Qxb3 17. axb3 Rfd8 18. Rfd1 Nd7 19. Na4 Rac8 20. b4 {[%cal Bb3b4,Bb4b5][%mdl 32]} b6 (20... b5 $11 21. Nc3 Nb6) 21. b5 $16 Nce5 {[#]} 22. Bb4 $1 Bf8 23. Nc3 e6 24. Bxf8 Kxf8 25. Rxa7 {Threatens to win with f4.} Nc5 26. Rd4 Nb3 27. Rxd8+ Rxd8 28. Ra8 (28. g4 $16) 28... Rxa8 $11 29. Bxa8 {[%mdl 4096] Endgame KBN-KNN} Ke7 30. Na4 Nc4 31. e4 Kd6 32. f4 f6 $1 33. Kf2 Nc5 34. Nc3 Nd3+ 35. Ke2 Ndxb2 36. Bc6 Na5 37. e5+ (37. f5 $11) 37... fxe5 $15 38. Ne4+ Ke7 ({Better is} 38... Kc7 $17 {White must now prevent ...exf4.} 39. fxe5 Nxc6 40. bxc6 h6) 39. fxe5 $11 Nbc4 40. Ng5 Nxe5 41. Nxh7 Naxc6 42. bxc6 Nxc6 {KN-KN} 43. g4 b5 44. Ng5 {The position is equal.} b4 45. Ne4 Ne5 46. Ke3 b3 {Strongly threatening ...b2.} 47. Kd2 $1 Nc4+ 48. Kc1 e5 49. h4 Kf7 50. h5 gxh5 51. gxh5 Kg7 52. Nc5 Kh6 53. Nxb3 Kxh5 54. Kc2 Kg4 55. Kd3 Nd6 56. Ke3 Kf5 57. Nd2 e4 {[#]} 58. Nxe4 $1 {[%mdl 512]} Nxe4 {Accuracy: White = 84%, Black = 51%.} 1/2-1/2

[Event "FIDE Chesscom Grand Swiss 2019"]
[Site "Douglas-Isle of Man"]
[Date "2019.10.15"]
[Round "6.24"]
[White "Sarana, Alexey"]
[Black "Korobov, Anton"]
[Result "1/2-1/2"]
[WhiteElo "2655"]
[BlackElo "2679"]
[Annotator "RC"]
[PlyCount "91"]
[EventDate "2019.10.10"]
[EventType "swiss"]
[EventCountry "GBR"]
[SourceTitle "playchess.com"]
[Source "ChessBase"]
[SourceQuality "1"]
[TimeControl "40/6000+30:20/3000+30:900+30"]

1. d4 {[%emt 0:00:00]} Nf6 {[%emt 0:00:00]} 2. c4 {[%emt 0:00:00]} e6 {[%emt 0:00:00]} 3. Nf3 {[%emt 0:00:00]} d5 {[%emt 0:00:00]} 4. Nc3 {[%emt 0:00:00]} dxc4 {[%emt 0:00:20]} 5. e4 {[%emt 0:00:11]} b5 {[%emt 0:00:08]} 6. e5 {[%emt 0:00:12]} Nd5 {[%emt 0:00:05]} 7. Nxb5 {[%emt 0:00:06]} Nb6 {[%emt 0:00:05]} 8. Be2 {[%emt 0:00:29]} Be7 {[%emt 0:00:08]} 9. Be3 {[%emt 0:00:37]} Nc6 {[%emt 0:01:29]} 10. a3 {[%emt 0:00:08]} Rb8 {[%emt 0:07:15]} 11. Qc2 {[%emt 0:00:37]} O-O {[%emt 0:01:23]} 12. h4 {[%emt 0:00:25]} h6 {[%emt 0:05:14]} 13. Rd1 {[%emt 0:01:45]} Ba6 {[%emt 0:06:19]} 14. Nc3 {[%emt 0:00:07]} Nd5 {[%emt 0:01:33]} 15. Bc1 {[%emt 0:06:27]} Nxc3 {[%emt 0:11:10]} 16. bxc3 {[%emt 0:00:22]} Qd5 {[%emt 0:01:02]} 17. Rh3 {[%emt 0:00:29]} f5 {[%emt 0:09:02]} 18. exf6 {[%emt 0:02:10]} Rxf6 {[%emt 0:04:37]} 19. Kf1 {[%emt 0:01:24]} Rb3 {[%emt 0:06:48]} 20. Kg1 {[%emt 0:00:36]} Bd6 {[%emt 0:06:35]} 21. a4 {[%emt 0:02:58]} Bb7 {[%emt 0:11:09]} 22. Bf1 {[%emt 0:09:56]} Ba8 {[%emt 0:15:19]} 23. Re1 {[%emt 0:10:28]} Bb7 {[%emt 0:02:03]} 24. Rd1 {[%emt 0:09:24]} Ba8 {[%emt 0:00:38]} 25. Be3 {[%emt 0:02:52]} Qa5 {[%emt 0:01:07]} 26. Rc1 {[%emt 0:04:42]} Qxa4 {[%emt 0:01:08]} 27. Nd2 {[%emt 0:01:48]} Na5 {[%emt 0:00:38]} 28. Ne4 {[%emt 0:13:16]} Bxe4 {[%emt 0:00:13]} 29. Qxe4 {[%emt 0:00:02]} Qb5 {[%emt 0:00:33]} 30. g4 {[%emt 0:07:09]} Qb7 {[%emt 0:04:40]} 31. Bg2 {[%emt 0:01:27]} Qxe4 {[%emt 0:00:38]} 32. Bxe4 {[%emt 0:00:02]} Rb5 {[%emt 0:02:29]} 33. g5 {[%emt 0:00:11]} Rf7 {[%emt 0:04:33]} 34. Ra1 {[%emt 0:10:12]} Bf4 {[%emt 0:00:48]} 35. Bg6 {[%emt 0:07:02]} Rf8 {[%emt 0:00:06]} 36. gxh6 {[%emt 0:00:44]} gxh6 {[%emt 0:02:01]} 37. Rf3 {[%emt 0:01:07]} Bxe3 {[%emt 0:00:08]} 38. Rxe3 {[%emt 0:00:02]} Rf6 {[%emt 0:01:29]} 39. h5 {[%emt 0:03:38]} Nc6 {[%emt 0:01:12]} 40. Be4 {[%emt 0:02:51]} Ra5 {[%emt 0:01:49]} 41. Rb1 {[%emt 0:58:42]} Ne7 {[%emt 0:53:42]} 42. Rb7 {[%emt 0:03:13]} Rg5+ {[%emt 0:00:00]} 43. Kf1 {[%emt 0:00:00]} Nd5 {[%emt 0:00:00]} 44. Bxd5 {[%emt 0:00:00]} exd5 {[%emt 0:00:00]} 45. Rxc7 {[%emt 0:00:00]} Rf7 {[%emt 0:00:00]} 46. Re8+ {[%emt 0:00:00]} 1/2-1/2

[Event "FIDE Chesscom Grand Swiss 2019"]
[Site "Douglas-Isle of Man"]
[Date "2019.10.15"]
[Round "6.24"]
[White "Prithu Gupta"]
[Black "Moiseenko, Alexander"]
[Result "0-1"]
[WhiteElo "2493"]
[BlackElo "2635"]
[Annotator "TA"]
[PlyCount "126"]
[EventDate "2019.10.10"]
[EventType "swiss"]
[EventCountry "GBR"]
[SourceTitle "playchess.com"]
[Source "ChessBase"]
[SourceQuality "1"]

{[%evp 9,126,20,20,21,18,20,20,15,15,20,16,26,20,21,16,15,28,25,19,0,0,0,0,-10,0,-43,-34,-62,-21,-37,-40,-43,-14,-81,-16,-56,-54,-64,-36,-29,-8,-4,0,0,0,0,19,-27,-25,-13,-27,-77,-97,-96,-83,-47,0,0,20,23,17,0,0,0,0,0,14,12,12,12,27,0,0,0,27,0,0,0,36,36,36,0,0,0,0,0,0,0,11,11,11,11,11,11,293,0,0,0,0,-97,-97,-97,97,0,0,0,0,0,0,0,0,0,0,-29992,-29993,-29993,-29994,-29994,-29995]} 1. c4 e5 2. Nc3 Bb4 3. Nd5 a5 4. a3 Be7 (4... Bc5 5. Nf3 d6 6. e3 c6 7. Nc3 Nd7 8. Qc2 Qe7 9. Be2 Ngf6 10. d4 Ba7 11. O-O Bb8 12. b3 {0-1 (44) Iturrizaga Bonelli,E (2626)-Adhiban,B (2639) Khanty-Mansiysk 2019}) 5. Nf3 $146 ({Predecessor:} 5. d4 d6 {1-0 (44) Khmelniker,I (2493)-Mannion,S (2313) Douglas 2016}) 5... d6 6. d4 {A21: English Opening: 1...e5 2 Nc3} e4 7. Nd2 f5 8. Nb1 {The position is equal.} Nf6 9. Nxe7 Qxe7 10. Nc3 O-O 11. Bg5 Be6 12. e3 Qf7 13. Rc1 {[%cal Ba1c1,Bc1c3,Bc3g3][%mdl 32]} Qg6 (13... Bxc4 $6 14. Bxc4 Qxc4 15. Bxf6 $16) 14. Bf4 Nh5 15. Nb5 Nxf4 16. exf4 Na6 17. Rc3 Bf7 18. Rg3 Qh6 19. Qd2 c6 20. Nc3 d5 21. cxd5 (21. Rg5 $11 {keeps the balance.}) 21... cxd5 (21... Nc7 $1 $17) 22. Be2 Nc7 {[%cal Ba6c7,Bc7e6,Be6d4][%mdl 32]} 23. O-O Rfd8 24. Rh3 Qb6 25. Na4 Qd6 26. Rb3 Ne6 27. g3 Rac8 28. Rxb7 Qc6 {[%mdl 64] Double Attack} 29. Rb5 Qc2 30. Qxc2 Rxc2 31. Bd1 Nxd4 32. Rxa5 Rc1 33. Nc3 h6 34. Rc5 Rb8 35. Nxe4 Rxd1 $1 {[#]} 36. Nf6+ $1 {[%mdl 512]} gxf6 37. Rxd1 Ne2+ 38. Kf1 Rxb2 39. Re1 Nd4 40. Re7 Kf8 41. Ra7 Ne6 42. Rc8+ Kg7 43. Re8 Kg6 44. Ree7 {[%mdl 1024] White has compensation.} Bg8 45. h4 (45. Ra8 $5 {[%cal Ra8g8]} Bf7 46. Ra6 $14) 45... Rb8 46. a4 d4 47. Red7 h5 48. Kg2 Rb3 49. a5 {Strongly threatening a6.} Ra3 50. a6 {Ra8 is the strong threat.} d3 $1 51. Kh2 Kh6 $2 {[%mdl 8192]} (51... Ra2 $11) 52. Ra8 $2 ({Only move:} 52. Rd6 $1 $18) 52... Nc5 $11 53. Rd4 Be6 54. a7 (54. Ra7 $1 $11) 54... Kg7 $17 55. Rd6 Ra2 $2 {[#]} (55... Kf7 $1 $17 {keeps the pressure on.} 56. Rh8 Ke7 57. Rxd3 Nxd3) 56. Rc6 (56. Re8 $1 $16 Rxa7 57. Rexe6) 56... d2 $11 (56... Bd5 $5 57. Rc7+ $8 {[#]} Kg6 $1 $11 {[%mdl 512]}) 57. Rd8 Bd7 58. Rd6 Rxa7 59. Rxd2 Bc6 {Hoping for ...Bf3.} 60. Rc8 Bf3 {( -> ...Ra1)} 61. Rxc5 $4 {[%mdl 8192]} (61. Rdd8 $11) 61... Ra1 {[%csl Gf3][%cal Ra1h1] Black mates.} 62. g4 Rh1+ 63. Kg3 hxg4 {Accuracy: White = 64%, Black = 59%.} 0-1